000 00770ntaaa2200217 4500
003 01
005 20251027201035.0
008 0714s1973 ag 01
020 _a0899222226
040 _aAR-BaBN
_bspa
_cAR-BaBN
_eaacr
_dRIC
082 _a155.41 Se3p
100 _aSegura Bustamante, Inés
_97661
245 _aProblemas de conducta en los niños; y su repercusión en la edad adulta /
_cInés Segura Bustamante
250 _a2 ed.
260 _aMiami :
_bEd. Caribe,
_cc/1973,81,83
300 _a308 p. ;
_c23 cm.
500 _aLas relaciones interpersonales, los desordenes emocionales, otros factores en la conducta y la función de la psicología en la formación del niño
650 _aNiños-Psicología
_91899
650 _aEducación de Niños
942 _cBK
999 _c4508
_d4508